Pediatria

Bibliographic Details
Main Author: Kovács, László, 1950-2017 (Author, Editor)
Format: Book
Language:Slovak
PhysicalDescription:412 s. fotogr., ilustr., tab. 26 cm
Published: Bratislava Arete 2014
ISBN:9788097062422
Edition:2. nezm. vyd.
Subjects:

MARC

LEADER 00000cam a2200000 a 4500
001 vtls010610350
003 SK-MaSNL
005 20260301044719.0
008 181130s2014 xo oa e n 001 0 slo
015 |a SNBA2016/04 
020 |a 9788097062422  |q (brož.) 
035 |a urn:nbn:sk:snk-am00be1c 
035 |a urn:nbn:sk:snk-am3h83z 
035 |a FD98588B-C681-4B07-A2ED-FFBB8155BE6B 
040 |a SNK  |b slo  |c SNK  |e AACR2 
041 0 |a slo 
044 |a xo  |c SK 
072 7 |a 616-053.2  |x Pediatria  |2 konspekt 
080 |a 616-053.2  |2 2011 
080 |a (075)  |2 2011 
100 1 |a Kovács, László,  |d 1950-2017  |4 aut  |4 edt  |9 202749 
245 1 0 |a Pediatria  |c László Kovács a spoluautori 
250 |a 2. nezm. vyd. 
260 |a Bratislava  |b Arete  |c 2014 
300 |a 412 s.  |b fotogr., ilustr., tab.  |c 26 cm 
504 |a Bibliogr. odkazy ; vecný reg. ; zoz. aut. 
650 0 7 |a pediatria  |2 SNKPH  |9 912 
650 0 7 |a Pediatrics  |2 SNKPHeng  |9 266145 
655 7 |a učebnice  |2 SNKPH  |9 22521 
655 7 |a Textbooks  |2 SNKPHeng  |9 276731 
919 |a 978-80-970624-2-2 
958 |a NB 
958 |a MI 
999 |c 596613  |d 598543 
952 |a SNK  |b SNK  |y PREZ  |7 0  |p 17A1184232  |o snkSB 89889  |i snk2016/8399  |8 0  |0 0  |1 0  |4 0  |d 2016-03-31  |f 1  |l 0  |r 2025-05-12 00:00:00  |w 2026-02-23 
952 |a SNK  |b SNK  |y VYP  |7 0  |p 17A1184233  |o snkSB 89889 D1  |i snk2016/8400  |8 0  |0 0  |1 0  |4 0  |d 2016-03-31  |l 0  |r 2026-02-23 15:42:02  |w 2026-02-23 
952 |t snkKOV 616-053.2  |a SNKUST  |b SNKUST  |y PREZ  |7 0  |p 17A1122347  |o snkSB 87852 D2  |i snk2015/6406  |8 3  |g 36.49  |0 0  |1 0  |4 0  |d 2015-02-23  |l 0  |r 2025-05-28 00:00:00  |w 2026-02-23